The Ethiopians : an introduction to country and people /

Bibliographic Details
Main Author: Ullendorff, Edward
Format: Book
Language:English
Published: London, New York : Oxford University Press, 1960.
Subjects:

MARC

Tag First Indicator Second Indicator Subfields
LEADER 00000cam a2200000 4500
001 in00000010429
005 20151007051351.0
008 720927s1960 enkabf b 00110 eng
010 |a  60000899  
035 |a (OCoLC)00418806 
035 |9 AAA2638AM 
040 |a DLC  |c WSU  |d OCL  |d m.c.  |d SER  |d TXA  |d UtOrBLW 
049 |a TXAM  |c [A12618264] 
050 0 0 |a DT379.5  |b .U4 
082 0 |a 916.3 
100 1 |a Ullendorff, Edward. 
245 1 4 |a The Ethiopians :  |b an introduction to country and people /  |c Edward Ullendorff. 
264 1 |a London,  |a New York :  |b Oxford University Press,  |c 1960. 
300 |a xiv, 232 pages, 16 pages of plates :  |b illustrations, 1 folded map ;  |c 23 cm. 
336 |a text  |b txt  |2 rdacontent 
337 |a unmediated  |b n  |2 rdamedia 
338 |a volume  |b nc  |2 rdacarrier 
504 |a Bibliography: pages [207]-213. 
500 |a Includes index. 
651 0 |a Ethiopia  |x Civilization. 
999 |a MARS 
999 f f |s 7664ab24-a16e-3a93-8605-e54031e5310c  |i 8af0f842-12d2-3555-a915-561abb32f7e7  |t 0 
952 f f |p ric  |a Texas A&M University  |b Rellis Campus  |c Joint Library Facility  |d Remote Storage  |t 0  |e DT379.5 .U4  |h Library of Congress classification  |i unmediated -- volume  |m A14812618264 
998 f f |a DT379.5 .U4  |t 0  |l Remote Storage